=LDR 00000nam 2200000 4500 =001 INLIS000000000028649 =005 20200805103320 =035 ##$$a 0010-061300000028649 =008 200805################g##########0#ind## =041 ##$$a ind =082 ##$$a 2x6.209 =090 ##$$a 2x6.209, YAM a =100 ##$$a Yamani =245 1#$$a Al-Farabi : $b Filosof politik muslim /$c Yamani =260 ##$$a Jakarta :$b Teraju,$c 2005 =300 ##$$a vii, 124 hlm., ; $c 17 x 12 cm. =650 #4$$a Politik - Islam =850 ##$$a NBPNMAT =084 ##$$a 2x6.209 YAM a =990 ##$$a 0001/BPAP-NTB/2016 =990 ##$$a 0001/BPAP-NTB/2016 =990 ##$$a 0001/BPAP-NTB/2016 =990 ##$$a 30503242 =990 ##$$a 0001/BPAP-NTB/2016 =990 ##$$a 30503241 =990 ##$$a 30503242